[Event "Francophonie-ch 9th"]
[Site "Yamoussoukro"]
[Date "2023.07.09"]
[Round "7"]
[White "Maltezeanu, Stefan"]
[Black "Tanoe Yao, Aubin Maximilien"]
[Result "1-0"]
[WhiteElo "2099"]
[BlackElo "1563"]
[PlyCount "132"]
[EventDate "2023.07.02"]
[EventType "swiss"]
[EventRounds "9"]
[EventCountry "IVO"]
[SourceTitle "CBM 215 Extra"]
[Source "ChessBase"]
[SourceDate "2023.09.30"]
[SourceVersion "1"]
[SourceVersionDate "2023.09.30"]
[SourceQuality "1"]

1. e4 c5 2. Nf3 Nc6 3. d4 cxd4 4. Nxd4 g6 5. Nc3 Bg7 6. Be3 Nf6 7. Bc4 Qa5 8. f3 0-0 9. Qd2 Qb4 10. Nxc6 bxc6 11. Bb3 d6 12. 0-0 Qb8 13. Rad1 Nd7 14. f4 Ba6 15. Rfe1 Nc5 16. Bd4 Nxb3 17. axb3 Bxd4+ 18. Qxd4 Qb6 19. Qf2 Qxf2+ 20. Kxf2 Rfd8 21. Ra1 Bb7 22. Ra5 e6 23. Rea1 a6 24. Rd1 Kg7 25. Ke3 f5 26. e5 dxe5 27. Rxe5 Kf6 28. Ra5 Rxd1 29. Nxd1 c5 30. g3 Rc8 31. Nf2 c4 32. b4 c3 33. b3 Bd5 34. Rc5 Rb8 35. Nd3 Be4 36. Rc4 h6 37. Kd4 g5 38. Kxc3 Bxd3 39. Kxd3 gxf4 40. gxf4 Rb6 41. Kd4 Rb8 42. Kd3 Rb6 43. Kd4 Rb5 44. c3 Rd5+ 45. Ke3 Rd1 46. Rc6 Rb1 47. Rxa6 Rxb3 48. Kd3 Rb2 49. h4 Rh2 50. b5 Rxh4 51. b6 Rh1 52. Ra4 Rb1 53. Rb4 Rd1+ 54. Kc4 Rd8 55. b7 Rb8 56. Kc5 e5 57. Rb6+ Ke7 58. fxe5 Kd7 59. e6+ Kc7 60. Rc6+ Kd8 61. Kb6 Ke7 62. Rc8 Rxb7+ 63. Kxb7 Kxe6 64. Rh8 f4 65. Rxh6+ Ke5 66. Rh8 Kd5 1-0

[Event "Sachsen-Anhalt-ch 30th"]
[Site "Magdeburg"]
[Date "2020.10.24"]
[Round "6.3"]
[White "Goergens, Michael"]
[Black "Maltezeanu, Stefan"]
[Result "1/2-1/2"]
[WhiteElo "2025"]
[BlackElo "2154"]
[PlyCount "121"]
[EventDate "2020.10.22"]
[EventType "swiss"]
[EventRounds "7"]
[EventCountry "GER"]
[SourceTitle "EXT 2022"]
[Source "ChessBase"]
[SourceDate "2021.10.06"]
[SourceVersion "1"]
[SourceVersionDate "2021.10.06"]
[SourceQuality "1"]

1. e4 c5 2. Nc3 d6 3. g3 Nc6 4. Bg2 g6 5. d3 Bg7 6. Be3 Nf6 7. h3 0-0 8. Qd2 Rb8 9. Bh6 Bxh6 10. Qxh6 b5 11. f4 Nd4 12. Kd1 Bb7 13. Nce2 Nxe2 14. Nxe2 c4 15. g4 cxd3 16. cxd3 Qb6 17. Rf1 Rbc8 18. f5 Qc5 19. Rc1 Qe5 20. Qd2 Rxc1+ 21. Kxc1 d5 22. Qf4 Rc8+ 23. Kb1 Qxf4 24. Nxf4 dxe4 25. g5 Ne8 26. Bxe4 Bxe4 27. dxe4 Rc4 28. fxg6 hxg6 29. e5 e6 30. Nd3 Rh4 31. Rf3 Nc7 32. Nf2 Nd5 33. Ng4 Kg7 34. Ra3 Rh5 35. Rxa7 Rxg5 36. Rb7 b4 37. a4 bxa3 38. bxa3 Rh5 39. Rb3 Nf4 40. a4 Nxh3 41. a5 Rh8 42. a6 Nf4 43. a7 Ra8 44. Rb7 Nd5 45. Kb2 g5 46. Kb3 Kg6 47. Ka4 Nb6+ 48. Rxb6 Rxa7+ 49. Kb3 Kf5 50. Rb4 Ra1 51. Nh6+ Kg6 52. Kb2 Rf1 53. Ng4 Rf4 54. Rxf4 gxf4 55. Kc2 Kf5 56. Nh6+ Kxe5 57. Nxf7+ Ke4 58. Kd2 f3 59. Ng5+ Kf4 60. Nxe6+ Kg3 61. Ke1 1/2-1/2

[Event "BEL-chT 1920"]
[Site "Belgium"]
[Date "2020.01.19"]
[Round "6.8"]
[White "Matnadze, Ana"]
[Black "Maltezeanu, Stefan"]
[Result "1-0"]
[WhiteElo "2371"]
[BlackElo "2102"]
[PlyCount "117"]
[EventDate "2019.09.29"]
[EventType "team-tourn"]
[EventRounds "11"]
[EventCountry "BEL"]
[SourceTitle "CBM 195 Extra"]
[Source "ChessBase"]
[SourceDate "2020.05.31"]
[SourceVersion "1"]
[SourceVersionDate "2020.05.31"]
[SourceQuality "1"]
[WhiteTeam "Wachtebeke"]
[BlackTeam "Liege Crelel"]
[WhiteTeamCountry "BEL"]
[BlackTeamCountry "BEL"]

1. Nf3 d5 2. g3 Bg4 3. Bg2 Nf6 4. 0-0 e6 5. b3 Be7 6. Bb2 0-0 7. d3 Bh5 8. Nbd2 c5 9. h3 Nc6 10. g4 Bg6 11. Nh4 Qc7 12. Nxg6 hxg6 13. f4 d4 14. e4 dxe3 15. Nc4 Nd5 16. Bxd5 exd5 17. Nxe3 d4 18. Ng2 Nb4 19. Rf2 Qc6 20. a3 Nd5 21. Qf3 Rfe8 22. Raf1 a5 23. a4 Bd6 24. Bc1 Nc3 25. Qxc6 bxc6 26. Re1 Rxe1+ 27. Nxe1 Re8 28. Kf1 Nd5 29. Ng2 Nb4 30. Ne1 Nd5 31. Bd2 Ne3+ 32. Kg1 Bc7 33. Re2 Bxf4 34. Bxa5 f5 35. Bb6 Bd6 36. Ng2 f4 37. Nh4 Kf7 38. Nf3 Ke6 39. a5 Kd7 40. Ng5 Rh8 41. Rf2 Nd5 42. Ne4 Rxh3 43. Nxc5+ Bxc5 44. Bxc5 Rg3+ 45. Rg2 Rxg2+ 46. Kxg2 Ne3+ 47. Kf3 g5 48. Bxd4 Nxc2 49. Bxg7 Nb4 50. Bf6 Nxd3 51. a6 Kc7 52. Bxg5 Ne5+ 53. Kxf4 Nf7 54. Be7 Kb6 55. g5 Kxa6 56. g6 Nh6 57. Bf8 Ng8 58. Ke5 Kb5 59. b4 1-0

[Event "Wch U20 58th"]
[Site "New Delhi"]
[Date "2019.10.21"]
[Round "7"]
[White "Maltezeanu, Stefan"]
[Black "Wagh, Suyog"]
[Result "0-1"]
[WhiteElo "2102"]
[BlackElo "2229"]
[PlyCount "92"]
[EventDate "2019.10.15"]
[EventType "swiss"]
[EventRounds "11"]
[EventCountry "IND"]
[SourceTitle "CBM 192 Extra"]
[Source "Chessbase"]
[SourceDate "2019.11.06"]
[SourceVersion "1"]
[SourceVersionDate "2019.11.06"]
[SourceQuality "1"]

1. e4 c5 2. Nf3 d6 3. d4 cxd4 4. Nxd4 Nf6 5. Nc3 a6 6. Bg5 Nbd7 7. Bc4 e6 8. f3 b5 9. Bb3 Nc5 10. Qd2 Bb7 11. 0-0-0 Be7 12. h4 Rc8 13. Kb1 0-0 14. g4 b4 15. Na4 Qa5 16. Nxc5 dxc5 17. e5 cxd4 18. exf6 gxf6 19. Bh6 Rfd8 20. g5 Kh8 21. Rhg1 Qb5 22. Rde1 d3 23. Bg7+ Kxg7 24. gxf6+ Kf8 25. Qh6+ Ke8 26. fxe7 dxc2+ 27. Bxc2 Kxe7 28. Bb3 Qf5+ 29. Ka1 Rg8 30. Rxg8 Rxg8 31. Qd2 Qc5 32. Rd1 Bxf3 33. Qd7+ Kf6 34. Re1 Rg1 35. Qd2 Rxe1+ 36. Qxe1 Bh5 37. a4 bxa3 38. Qf1+ Kg7 39. Qg2+ Bg6 40. Ka2 axb2 41. Qxb2+ e5 42. Qe2 Qa5+ 43. Kb2 Qb5 44. Qg4 h5 45. Qg5 a5 46. Ka3 Qb4+ 0-1

[Event "Wch U20 58th"]
[Site "New Delhi"]
[Date "2019.10.15"]
[Round "1"]
[White "Bronstein, Or"]
[Black "Maltezeanu, Stefan"]
[Result "1-0"]
[WhiteElo "2413"]
[BlackElo "2102"]
[PlyCount "83"]
[EventDate "2019.10.15"]
[EventType "swiss"]
[EventRounds "11"]
[EventCountry "IND"]
[SourceTitle "CBM 192 Extra"]
[Source "Chessbase"]
[SourceDate "2019.11.06"]
[SourceVersion "1"]
[SourceVersionDate "2019.11.06"]
[SourceQuality "1"]

1. d4 Nf6 2. c4 e6 3. Nf3 d5 4. g3 dxc4 5. Bg2 c6 6. a4 Bb4+ 7. Bd2 a5 8. Qc2 Bxd2+ 9. Qxd2 b5 10. axb5 cxb5 11. Qg5 b4 12. Ne5 Ra7 13. Qxg7 Rg8 14. Qh6 Qxd4 15. Qxf6 Qxb2 16. 0-0 Qxa1 17. Rd1 Rd7 18. Nxd7 Qa4 19. Bf1 Qa1 20. Bg2 Qa4 21. Rc1 Nxd7 22. Qf4 Qa2 23. Nd2 c3 24. Nc4 Qxe2 25. Bf3 Qa2 26. Qc7 Ke7 27. Nd6 Ba6 28. Bc6 Rd8 29. Nxf7 Kxf7 30. Qxd8 Nf6 31. Qc7+ Kg6 32. Qf4 Qc4 33. Qf3 c2 34. Ba4 Qd4 35. Bxc2+ Kg7 36. Rd1 Qb6 37. Qf4 Qc6 38. Qg5+ Kf7 39. Rc1 Qb6 40. Bb3 Bb7 41. Qf4 Bc6 42. Qd6 1-0

[Event "EU Small Countries ol 6th"]
[Site "San Marino"]
[Date "2019.03.27"]
[Round "5.3"]
[White "Volpinari, Danilo"]
[Black "Maltezeanu, Stefan"]
[Result "0-1"]
[WhiteElo "1998"]
[BlackElo "2130"]
[PlyCount "68"]
[EventDate "2019.03.24"]
[EventType "team-tourn"]
[EventRounds "9"]
[EventCountry "SMR"]
[SourceTitle "CBM 189 Extra"]
[Source "ChessBase"]
[SourceDate "2019.06.03"]
[SourceVersion "1"]
[SourceVersionDate "2019.06.03"]
[SourceQuality "1"]
[WhiteTeam "San Marino"]
[BlackTeam "Luxembourg"]
[WhiteTeamCountry "SMR"]
[BlackTeamCountry "LUX"]

1. Nf3 Nf6 2. c4 e6 3. d4 d5 4. g3 dxc4 5. Bg2 c6 6. 0-0 b5 7. a4 Bb7 8. Qc2 Be7 9. Rd1 0-0 10. Na3 a6 11. Ne5 Qc8 12. Be3 Nbd7 13. h3 Nxe5 14. dxe5 Nd5 15. Bd2 Qc7 16. Qe4 Rad8 17. Nc2 Rb8 18. Qg4 Qxe5 19. e4 Nf6 20. Qh4 Qxb2 21. Ne1 Rbd8 22. Nf3 c3 23. Be3 c2 24. Rf1 c5 25. e5 Bxf3 26. Bxf3 Qxe5 27. Bf4 Qc3 28. Kg2 Nd5 29. Bg5 Bxg5 30. Qxg5 h6 31. Qc1 b4 32. Be4 b3 33. Ra3 b2 34. Bxd5 Qxa3 0-1

[Event "EU Small Countries ol 6th"]
[Site "San Marino"]
[Date "2019.03.24"]
[Round "1.5"]
[White "Fluvia Poyatos, Jordi"]
[Black "Maltezeanu, Stefan"]
[Result "1-0"]
[WhiteElo "2463"]
[BlackElo "2130"]
[PlyCount "95"]
[EventDate "2019.03.24"]
[EventType "team-tourn"]
[EventRounds "9"]
[EventCountry "SMR"]
[SourceTitle "CBM 189 Extra"]
[Source "ChessBase"]
[SourceDate "2019.06.03"]
[SourceVersion "1"]
[SourceVersionDate "2019.06.03"]
[SourceQuality "1"]
[WhiteTeam "Andorra"]
[BlackTeam "Luxembourg"]
[WhiteTeamCountry "AND"]
[BlackTeamCountry "LUX"]

1. e4 c5 2. Nf3 d6 3. d3 Nc6 4. g3 g6 5. Bg2 Bg7 6. 0-0 Nf6 7. h3 0-0 8. Re1 e5 9. c3 h6 10. a3 Re8 11. b4 b6 12. b5 Na5 13. c4 a6 14. a4 Nb7 15. Nc3 a5 16. Nd2 Qd7 17. Nd5 Nxd5 18. cxd5 Nd8 19. Nc4 Qc7 20. f4 f6 21. f5 g5 22. Bf3 Nf7 23. Bh5 Re7 24. h4 Bd7 25. Ra2 Kf8 26. Rf1 Ke8 27. hxg5 hxg5 28. Bxg5 Kd8 29. Bxf7 Rxf7 30. Be3 Ke7 31. Rh2 Rg8 32. Kf2 Bf8 33. Rfh1 Be8 34. Rh8 Rfg7 35. Rxg8 Rxg8 36. Rh7+ Rg7 37. Rxg7+ Bxg7 38. Qh1 Bf7 39. Qh7 Kf8 40. Bh6 Bxh6 41. Qxh6+ Ke7 42. g4 Qb8 43. Qg7 Qc7 44. g5 fxg5 45. f6+ Ke8 46. Qh8+ Kd7 47. Qf8 Bh5 48. f7 1-0

[Event "Wch U20 57th"]
[Site "Manavgat"]
[Date "2018.09.15"]
[Round "11"]
[White "Ozgur, Tibet Kagan"]
[Black "Maltezeanu, Stefan"]
[Result "0-1"]
[WhiteElo "2056"]
[BlackElo "2089"]
[PlyCount "126"]
[EventDate "2018.09.05"]
[EventType "swiss"]
[EventRounds "11"]
[EventCountry "TUR"]
[SourceTitle "CBM 186 Extra"]
[Source "ChessBase"]
[SourceDate "2018.08.24"]
[SourceVersion "1"]
[SourceVersionDate "2018.08.24"]
[SourceQuality "1"]

1. d4 Nf6 2. Nf3 d5 3. Bf4 c5 4. c3 Nc6 5. e3 Qb6 6. Qb3 c4 7. Qxb6 axb6 8. Na3 Na7 9. Be5 b5 10. Be2 Bf5 11. Nh4 Be4 12. f3 Bg6 13. Nxg6 hxg6 14. Bg3 e6 15. Nc2 Nc6 16. a3 Kd7 17. 0-0-0 Bd6 18. Bxd6 Kxd6 19. Rde1 Rh4 20. Bd1 Rah8 21. h3 Ne7 22. Rhf1 Nf5 23. Rf2 Ng3 24. Nb4 Ke7 25. Bc2 Rd8 26. Kd2 Kf8 27. Na2 g5 28. Nc1 Nfh5 29. Na2 Nf6 30. Nb4 g6 31. Rg1 Kg7 32. Ke1 Nfh5 33. Rd2 f5 34. Kf2 g4 35. hxg4 fxg4 36. Rdd1 Rf8 37. Ra1 Rh2 38. Bd1 Ne4+ 39. Ke1 gxf3 40. Bxf3 Nhg3 41. a4 Rfh8 42. Bxe4 Rh1 43. Kd2 Nxe4+ 44. Ke2 Rxg1 45. Rxg1 bxa4 46. Nc2 Rf8 47. Kd1 Rf2 48. Kc1 Ng3 49. Kb1 Ne2 50. Re1 Rxg2 51. e4 dxe4 52. Ne3 Rg1 53. Rxg1 Nxg1 54. Nxc4 g5 55. Kc2 g4 56. Kd2 Kf6 57. Ke3 Kg5 58. Nd6 g3 59. Nxe4+ Kg4 60. Nd2 Nh3 61. Nf3 g2 62. c4 Ng5 63. Ne5+ Kg3 0-1

[Event "Wch U20 57th"]
[Site "Manavgat"]
[Date "2018.09.13"]
[Round "9"]
[White "Maltezeanu, Stefan"]
[Black "Helander, Benjamin"]
[Result "1-0"]
[WhiteElo "2089"]
[BlackElo "1994"]
[PlyCount "75"]
[EventDate "2018.09.05"]
[EventType "swiss"]
[EventRounds "11"]
[EventCountry "TUR"]
[SourceTitle "CBM 186 Extra"]
[Source "ChessBase"]
[SourceDate "2018.08.24"]
[SourceVersion "1"]
[SourceVersionDate "2018.08.24"]
[SourceQuality "1"]

1. e4 c6 2. d4 d5 3. Nc3 dxe4 4. Nxe4 Bf5 5. Ng3 Bg6 6. h4 h6 7. Nf3 Nd7 8. h5 Bh7 9. Bd3 Bxd3 10. Qxd3 e6 11. Bd2 Ngf6 12. 0-0-0 Be7 13. Kb1 Qb6 14. Ne4 Nxe4 15. Qxe4 Nf6 16. Qe2 0-0-0 17. c4 Kb8 18. Bc3 Bb4 19. Bxb4 Qxb4 20. Ne5 Qe7 21. Rh3 Rd6 22. Rg3 Rg8 23. Rb3 Ka8 24. Rbd3 Rgd8 25. Qf3 Rf8 26. g4 Nd7 27. c5 Rd5 28. Nc4 f5 29. g5 hxg5 30. Ne3 g4 31. Nxd5 exd5 32. Qf4 Qe4 33. Qd6 Rf7 34. Qg6 Re7 35. a3 Nf6 36. h6 f4 37. Qg5 Nh7 38. hxg7 1-0

[Event "Wch U20 57th"]
[Site "Manavgat"]
[Date "2018.09.06"]
[Round "2"]
[White "Maltezeanu, Stefan"]
[Black "Gorshtein, Ido"]
[Result "0-1"]
[WhiteElo "2089"]
[BlackElo "2383"]
[PlyCount "96"]
[EventDate "2018.09.05"]
[EventType "swiss"]
[EventRounds "11"]
[EventCountry "TUR"]
[SourceTitle "CBM 186 Extra"]
[Source "ChessBase"]
[SourceDate "2018.08.24"]
[SourceVersion "1"]
[SourceVersionDate "2018.08.24"]
[SourceQuality "1"]

1. e4 c6 2. d4 d5 3. Nc3 dxe4 4. Nxe4 Nd7 5. Ng5 Ngf6 6. Bd3 e5 7. Qe2 Qe7 8. N1f3 exd4 9. Nxd4 Qxe2+ 10. Bxe2 Bc5 11. Nb3 Bb6 12. 0-0 0-0 13. Bf4 h6 14. Nf3 Re8 15. Bd3 Nd5 16. Bd2 Nf8 17. c4 Nf6 18. Rfe1 Rd8 19. Bc2 Be6 20. c5 Bxb3 21. Bxb3 Bxc5 22. Be3 Bxe3 23. Rxe3 Ng6 24. h4 Re8 25. Rae1 Rxe3 26. Rxe3 Re8 27. Rxe8+ Nxe8 28. h5 Nf4 29. Ne5 Nd6 30. g4 Kf8 31. Nc4 Nxc4 32. Bxc4 b5 33. Bf1 Ke7 34. f3 Ke6 35. Kf2 Ke5 36. Ke3 a6 37. Kd2 Kd4 38. a4 g6 39. axb5 axb5 40. hxg6 fxg6 41. Be2 h5 42. gxh5 gxh5 43. Ke1 Ke3 44. Bd1 c5 45. Kf1 Kd2 46. b4 Kxd1 47. bxc5 b4 48. c6 Nd5 0-1

[Event "Wch U18"]
[Site "Montevideo"]
[Date "2017.09.26"]
[Round "11"]
[White "Maltezeanu, Stefan"]
[Black "Savic, Mihailo S"]
[Result "1/2-1/2"]
[WhiteElo "1936"]
[BlackElo "2168"]
[PlyCount "34"]
[EventDate "2017.09.17"]
[EventType "swiss"]
[EventRounds "11"]
[EventCountry "URU"]
[SourceTitle "EXT 2018"]
[Source "ChessBase"]
[SourceDate "2017.10.13"]
[SourceVersion "1"]
[SourceVersionDate "2017.10.13"]
[SourceQuality "1"]

1. e4 e6 2. d4 d5 3. exd5 exd5 4. Nf3 Bd6 5. c4 dxc4 6. Bxc4 Nf6 7. 0-0 0-0 8. Bg5 Bg4 9. h3 Bh5 10. g4 Bg6 11. Ne5 c5 12. Nxg6 hxg6 13. dxc5 Bxc5 14. Qxd8 Rxd8 15. Nc3 Nc6 16. Kg2 a6 17. Rad1 Nd4 1/2-1/2

[Event "Wch U18"]
[Site "Montevideo"]
[Date "2017.09.24"]
[Round "9"]
[White "Maltezeanu, Stefan"]
[Black "Allasia, Jesus"]
[Result "1-0"]
[WhiteElo "1936"]
[BlackElo "1735"]
[PlyCount "59"]
[EventDate "2017.09.17"]
[EventType "swiss"]
[EventRounds "11"]
[EventCountry "URU"]
[SourceTitle "CBM 180 Extra"]
[Source "ChessBase"]
[SourceDate "2017.10.06"]
[SourceVersion "1"]
[SourceVersionDate "2017.10.06"]
[SourceQuality "1"]

1. e4 e5 2. Nf3 Nc6 3. Bc4 Bc5 4. 0-0 d6 5. c3 Nf6 6. d4 exd4 7. cxd4 Bb6 8. Nc3 h6 9. h3 0-0 10. Re1 Re8 11. Bf4 Bd7 12. Bh2 a6 13. e5 dxe5 14. dxe5 Nh7 15. Nd5 Ba5 16. b4 Nxb4 17. Nxb4 Bxb4 18. Bxf7+ Kxf7 19. Qb3+ Be6 20. Qxb4 b5 21. a4 Qe7 22. Qe4 Ng5 23. Nxg5+ Qxg5 24. axb5 Bxh3 25. Qf3+ Bf5 26. e6+ Kg8 27. Bxc7 Bg4 28. Qf7+ Kh7 29. Rxa6 Qxb5 30. Be5 1-0

[Event "Wch U18"]
[Site "Montevideo"]
[Date "2017.09.22"]
[Round "7"]
[White "Agulhas, Keegan"]
[Black "Maltezeanu, Stefan"]
[Result "1-0"]
[WhiteElo "1906"]
[BlackElo "1936"]
[PlyCount "59"]
[EventDate "2017.09.17"]
[EventType "swiss"]
[EventRounds "11"]
[EventCountry "URU"]
[SourceTitle "CBM 180 Extra"]
[Source "ChessBase"]
[SourceDate "2017.10.06"]
[SourceVersion "1"]
[SourceVersionDate "2017.10.06"]
[SourceQuality "1"]

1. e4 Nf6 2. e5 Nd5 3. d4 d6 4. exd6 exd6 5. Bd3 Be7 6. Ne2 0-0 7. 0-0 Nb4 8. Bc4 Bf5 9. Bb3 Nd7 10. Ng3 Bg6 11. f4 h6 12. f5 Bh7 13. c3 Na6 14. Nd2 c5 15. d5 Rc8 16. c4 Ne5 17. Nde4 Bh4 18. Bf4 Bxg3 19. Bxg3 f6 20. Qh5 Nc7 21. a4 Na6 22. Rac1 Qb6 23. Rc3 Rfe8 24. Bxe5 Rxe5 25. Nxf6+ gxf6 26. Rg3+ Kf8 27. Qxh6+ Ke8 28. Qxh7 Kd8 29. Rg8+ Re8 30. Rxe8+ 1-0

[Event "Wch U18"]
[Site "Montevideo"]
[Date "2017.09.19"]
[Round "4"]
[White "Maltezeanu, Stefan"]
[Black "Ranaldi, Lucas"]
[Result "0-1"]
[WhiteElo "1936"]
[BlackElo "2277"]
[PlyCount "88"]
[EventDate "2017.09.17"]
[EventType "swiss"]
[EventRounds "11"]
[EventCountry "URU"]
[SourceTitle "CBM 180 Extra"]
[Source "ChessBase"]
[SourceDate "2017.10.06"]
[SourceVersion "1"]
[SourceVersionDate "2017.10.06"]
[SourceQuality "1"]

1. e4 c5 2. Nf3 Nf6 3. e5 Nd5 4. c4 Nc7 5. Nc3 Nc6 6. g3 g6 7. Bg2 Bg7 8. Qe2 0-0 9. 0-0 d6 10. exd6 exd6 11. d3 Re8 12. Qd1 d5 13. Bg5 Qd7 14. Bf4 d4 15. Ne4 Ne6 16. Bd2 h6 17. Nh4 f5 18. Nxg6 fxe4 19. Bxe4 Nf8 20. Nxf8 Rxf8 21. Qh5 Rf5 22. Bxf5 Qxf5 23. Qe8+ Qf8 24. Qh5 Bf5 25. Rfe1 Bxd3 26. Qd5+ Kh7 27. b3 Rd8 28. Qh5 Bg6 29. Qh3 Ne5 30. Rxe5 Bxe5 31. f4 Bg7 32. Rf1 Qf5 33. g4 Qd3 34. Qg2 Be4 35. Qf2 Bc6 36. Re1 Re8 37. Rxe8 Bxe8 38. h4 Bc6 39. Kh2 Qe4 40. g5 d3 41. Be3 Bd4 42. Bxd4 cxd4 43. f5 hxg5 44. hxg5 Qg2+ 0-1

[Event "EU-ch U18 27th"]
[Site "Mamaia"]
[Date "2017.09.09"]
[Round "5"]
[White "Domingo Nunez, Ruben"]
[Black "Maltezeanu, Stefan"]
[Result "1/2-1/2"]
[WhiteElo "2276"]
[BlackElo "1936"]
[PlyCount "86"]
[EventDate "2017.09.05"]
[EventType "swiss"]
[EventRounds "9"]
[EventCountry "ROU"]
[SourceTitle "EXT 2018"]
[Source "ChessBase"]
[SourceDate "2017.10.13"]
[SourceVersion "1"]
[SourceVersionDate "2017.10.13"]
[SourceQuality "1"]

1. e4 e5 2. Nf3 Nc6 3. Bc4 Bc5 4. c3 Nf6 5. d3 d6 6. 0-0 Bb6 7. Bb3 Ne7 8. Re1 Ng6 9. h3 0-0 10. d4 h6 11. Nbd2 Re8 12. Bc2 c6 13. a4 a5 14. b3 d5 15. exd5 exd4 16. Rxe8+ Qxe8 17. Nc4 Ba7 18. Nd6 Qd8 19. Nxc8 Qxc8 20. Nxd4 Nxd5 21. Bb2 Qc7 22. c4 Ndf4 23. Nf5 Rd8 24. Qe1 Bb8 25. g3 Nxh3+ 26. Kg2 Nhf4+ 27. Kf1 Ne6 28. Nxh6+ gxh6 29. Bxg6 fxg6 30. Qxe6+ Qf7 31. Qe3 Kh7 32. Re1 Rf8 33. Ba3 Rd8 34. Bc1 Qg7 35. Qc5 Rd7 36. Qxa5 Qf6 37. Kg2 Rf7 38. Qd2 Qf3+ 39. Kg1 Bf4 40. gxf4 Qg4+ 41. Kh1 Qh3+ 42. Kg1 Qg4+ 43. Kh2 Qh4+ 1/2-1/2

[Event "Wch U18"]
[Site "Khanty-Mansiysk"]
[Date "2016.09.28"]
[Round "6"]
[White "Maltezeanu, Stefan"]
[Black "Patrascu, Catalin Lucian"]
[Result "0-1"]
[WhiteElo "1734"]
[BlackElo "2263"]
[PlyCount "42"]
[EventDate "2016.09.22"]
[EventType "swiss"]
[EventRounds "11"]
[EventCountry "RUS"]
[SourceTitle "EXT 2017"]
[Source "ChessBase"]
[SourceDate "2016.10.25"]
[SourceVersion "1"]
[SourceVersionDate "2016.10.25"]
[SourceQuality "1"]

1. e4 c5 2. Nf3 e6 3. d4 cxd4 4. Nxd4 a6 5. Nc3 Qc7 6. a4 Nf6 7. Bg5 Bb4 8. Bxf6 Bxc3+ 9. bxc3 Qxc3+ 10. Ke2 gxf6 11. f4 d6 12. Kf2 Qc5 13. Ke1 Bd7 14. Rb1 Nc6 15. Nxc6 Bxc6 16. Qd3 Qa5+ 17. Kf2 Qxa4 18. Qxd6 Rd8 19. Qc7 Qd4+ 20. Kg3 Rg8+ 21. Kh3 Qxe4 0-1

[Event "Wch U18"]
[Site "Khanty-Mansiysk"]
[Date "2016.09.26"]
[Round "5"]
[White "Marek, Matyas"]
[Black "Maltezeanu, Stefan"]
[Result "1-0"]
[WhiteElo "2381"]
[BlackElo "1734"]
[PlyCount "49"]
[EventDate "2016.09.22"]
[EventType "swiss"]
[EventRounds "11"]
[EventCountry "RUS"]
[SourceTitle "EXT 2017"]
[Source "ChessBase"]
[SourceDate "2016.10.25"]
[SourceVersion "1"]
[SourceVersionDate "2016.10.25"]
[SourceQuality "1"]

1. e4 e5 2. Nf3 Nc6 3. Bc4 Bc5 4. 0-0 Nf6 5. d3 d6 6. c3 a6 7. a4 Ba7 8. Bg5 h6 9. Bh4 g5 10. Bg3 Bg4 11. Nbd2 Qd7 12. b4 0-0 13. h3 Be6 14. Bxe6 Qxe6 15. b5 axb5 16. axb5 Ne7 17. d4 Ng6 18. Re1 Bb6 19. c4 Bxd4 20. Nxd4 exd4 21. Nf3 Rxa1 22. Qxa1 Ne5 23. Nxd4 Qd7 24. Bxe5 dxe5 25. Nf5 1-0

[Event "Wch U18"]
[Site "Khanty-Mansiysk"]
[Date "2016.09.25"]
[Round "4"]
[White "Maltezeanu, Stefan"]
[Black "Oner, Oguz"]
[Result "1-0"]
[WhiteElo "1734"]
[BlackElo "1962"]
[PlyCount "99"]
[EventDate "2016.09.22"]
[EventType "swiss"]
[EventRounds "11"]
[EventCountry "RUS"]
[SourceTitle "EXT 2017"]
[Source "ChessBase"]
[SourceDate "2016.10.25"]
[SourceVersion "1"]
[SourceVersionDate "2016.10.25"]
[SourceQuality "1"]

1. e4 e5 2. Nf3 Nc6 3. Bb5 a6 4. Bxc6 dxc6 5. 0-0 Qf6 6. d4 exd4 7. Qxd4 Qxd4 8. Nxd4 Bd7 9. Nc3 0-0-0 10. Be3 Ne7 11. Rad1 Ng6 12. Nb3 b6 13. f4 Bb4 14. Bd4 f6 15. a3 Bxc3 16. Bxc3 Rhe8 17. Rde1 Re7 18. Nd2 c5 19. f5 Ne5 20. Bxe5 Rxe5 21. Nf3 Ree8 22. g4 Bc6 23. e5 Bxf3 24. Rxf3 Rxe5 25. Rxe5 fxe5 26. Re3 Rd1+ 27. Kf2 Rd2+ 28. Kg3 Rxc2 29. Rxe5 Rxb2 30. g5 Rd2 31. f6 Rd7 32. Re8+ Kb7 33. Re7 Rd3+ 34. Kf4 gxf6 35. gxf6 Rd8 36. f7 Rf8 37. Ke5 b5 38. Ke6 b4 39. axb4 cxb4 40. Re8 Rxf7 41. Kxf7 Kc6 42. Ke6 Kc5 43. Re7 c6 44. Rxh7 Kc4 45. Ra7 c5 46. h4 Kd3 47. h5 c4 48. h6 b3 49. h7 b2 50. h8Q 1-0